|
|
|
|
| LEADER |
00000nab a2200000 ar4500 |
| 001 |
vtls010437709 |
| 003 |
SK-MaSNL |
| 005 |
20260303231446.0 |
| 008 |
120720c20120526xo mr|p|||||||000 b|slo |
| 038 |
|
|
|a SNSK
|
| 040 |
|
|
|b slo
|c SNSK
|e AACR2
|
| 041 |
|
|
|a slo
|
| 044 |
|
|
|a xo
|c SK
|
| 080 |
|
|
|a 004.92
|2 2001
|
| 080 |
|
|
|a 621.397
|2 2001
|
| 080 |
|
|
|a 778.4
|2 2001
|
| 080 |
|
|
|a 616-089
|x (437.671)
|2 2001
|
| 080 |
|
|
|a 616-089.166
|2 2001
|
| 080 |
|
|
|a 616-089.12
|2 2001
|
| 245 |
0 |
0 |
|a Operovali v 3D okuliaroch
|b chirurgovia v Košiciach vyskúšali unikátny laparoskpický prístroj
|c [autor](kz, foto autor, anc)
|
| 300 |
|
|
|b Fotogr.
|
| 650 |
0 |
7 |
|a laparoskopické operácie
|2 snsk
|9 1062112
|
| 650 |
0 |
7 |
|a trojrozmerné zobrazovanie
|2 snsk
|9 357534
|
| 650 |
0 |
7 |
|a 3D okuliare
|2 snsk
|9 1096396
|
| 651 |
|
7 |
|a Košice (Slovensko)
|2 snsk
|9 18694
|
| 773 |
0 |
|
|t Nový Čas
|g Roč. 22, č. 121 (26.5.2012), s. 8
|x 1335-4655
|
| 852 |
|
|
|a SNSK
|b KIS3GCP
|
| 999 |
|
|
|c 2266739
|d 2268669
|